[Event "BL2-Ost 1314"]
[Site "Germany"]
[Date "2014.01.21"]
[Round "10.7"]
[White "Seyb, Dieter"]
[Black "Muehlnikel, Klaus"]
[Result "1/2-1/2"]
[WhiteElo "2250"]
[BlackElo "1735"]
[PlyCount "104"]
[EventDate "2013.10.12"]
[EventType "team-tourn"]
[EventRounds "10"]
[EventCountry "GER"]
[SourceTitle "EXT 2015"]
[Source "ChessBase"]
[SourceDate "2014.11.20"]
[SourceVersion "1"]
[SourceVersionDate "2014.11.20"]
[SourceQuality "1"]
[WhiteTeam "Forchheim"]
[BlackTeam "Bindlach Aktionaer"]
[WhiteTeamCountry "GER"]
[BlackTeamCountry "GER"]

1. e4 e5 2. Nf3 Nc6 3. d4 exd4 4. Nxd4 Bc5 5. Be3 Nxd4 6. Bxd4 Bxd4 7. Qxd4 Qf6 8. e5 Qb6 9. Qxb6 axb6 10. Nc3 Ne7 11. Nb5 Kd8 12. Bc4 Ng6 13. Bxf7 Nxe5 14. Bb3 d6 15. f4 Ng6 16. 0-0 Rf8 17. g3 Bg4 18. Rae1 Kd7 19. f5 Ne5 20. Be6+ Kd8 21. Kg2 Ra5 22. Nd4 c5 23. b4 cxb4 24. h3 Bh5 25. Rb1 Nc6 26. Nxc6+ bxc6 27. Rxb4 b5 28. Rh4 Bf7 29. Rxh7 Bxe6 30. fxe6 Rxf1 31. Kxf1 Ke7 32. Rxg7+ Kxe6 33. Ke2 Rxa2 34. Kd3 Ra8 35. h4 Rh8 36. Ke4 b4 37. Rg6+ Ke7 38. Rg5 Rh6 39. Rf5 Re6+ 40. Kd3 c5 41. g4 Re1 42. h5 Rh1 43. Rg5 Rh3+ 44. Kd2 Rh2+ 45. Kc1 Ke6 46. Kd1 d5 47. Rf5 c4 48. Rf1 Ke5 49. Re1+ Kf4 50. Re2 Rh1+ 51. Re1 Rh2 52. Re2 Rh1+ 1/2-1/2

[Event "Pyramiden Franken Cup 4th"]
[Site "Fuerth"]
[Date "2001.08.26"]
[Round "9"]
[White "Schlosberg, Michael Jr"]
[Black "Muehlnikel, Klaus"]
[Result "1-0"]
[WhiteElo "1433"]
[BlackElo "1707"]
[PlyCount "32"]
[EventDate "2001.08.18"]
[EventType "swiss"]
[EventRounds "9"]
[EventCountry "GER"]
[SourceTitle "EXT 2010"]
[Source "ChessBase"]
[SourceDate "2010.11.25"]
[SourceVersion "1"]
[SourceVersionDate "2010.11.25"]
[SourceQuality "1"]

1. e4 e5 2. Nf3 d6 3. d4 exd4 4. Qxd4 Nc6 5. Bb5 Bd7 6. Qd1 g6 7. Nc3 Bg7 8. 0-0 h6 9. Re1 Nge7 10. Be3 0-0 11. Qd2 Kh7 12. Rad1 Bg4 13. h3 Bxf3 14. gxf3 a6 15. Be2 f5 16. Kh2 Ne5 1-0

[Event "Pyramiden Franken Cup 4th"]
[Site "Fuerth"]
[Date "2001.08.22"]
[Round "5"]
[White "Koerber, Hans"]
[Black "Muehlnikel, Klaus"]
[Result "1-0"]
[WhiteElo "1548"]
[BlackElo "1707"]
[PlyCount "110"]
[EventDate "2001.08.18"]
[EventType "swiss"]
[EventRounds "9"]
[EventCountry "GER"]
[SourceTitle "EXT 2010"]
[Source "ChessBase"]
[SourceDate "2010.11.25"]
[SourceVersion "1"]
[SourceVersionDate "2010.11.25"]
[SourceQuality "1"]

1. e4 c5 2. Nc3 Nc6 3. f4 d6 4. Bb5 Bd7 5. Nf3 g6 6. 0-0 Bg7 7. Bxc6 Bxc6 8. d3 e6 9. Qe1 Ne7 10. b3 0-0 11. Bb2 b5 12. Nd1 Bxb2 13. Nxb2 Kg7 14. Qg3 f5 15. e5 d5 16. Qh4 h6 17. d4 c4 18. b4 a5 19. a3 axb4 20. axb4 Ng8 21. Qxd8 Rfxd8 22. Rfb1 Ne7 23. Nd1 Rdb8 24. c3 Nc8 25. Nb2 Nb6 26. Kf2 Na4 27. Nxa4 bxa4 28. Ra3 Bd7 29. Ne1 g5 30. g3 Bb5 31. Nc2 g4 32. Ra2 Bd7 33. Na3 Ra7 34. Ke3 h5 35. Kf2 Kf7 36. Rab2 Rh8 37. Rh1 h4 38. Kg1 Kg6 39. Kg2 Be8 40. Rbb1 Rah7 41. Nc2 Bb5 42. Na3 Bd7 43. Ra1 Rb8 44. Rab1 Rd8 45. Rb2 Rdh8 46. Rbb1 Kh6 47. Ra1 Kg6 48. Rab1 Kf7 49. Ra1 Ke7 50. Rab1 Kd8 51. Rhg1 Kc7 52. Rb2 Kb6 53. Ra1 Bb5 54. Rab1 hxg3 55. hxg3 Rh3 1-0

[Event "Landesliga Nord 9596"]
[Site "Bayern"]
[Date "1996.??.??"]
[Round "?"]
[White "Muehlnikel, Klaus"]
[Black "Koller, Reinhard"]
[Result "0-1"]
[WhiteElo "1705"]
[BlackElo "1980"]
[PlyCount "112"]
[EventDate "1995.10.??"]
[EventType "team-tourn"]
[EventRounds "9"]
[EventCountry "GER"]
[SourceTitle "EXT 2020"]
[Source "ChessBase"]
[SourceDate "2019.10.17"]
[SourceVersion "1"]
[SourceVersionDate "2019.10.17"]
[SourceQuality "1"]
[WhiteTeam "Bindlach"]
[BlackTeam "Regensburg DJK II"]
[WhiteTeamCountry "GER"]
[BlackTeamCountry "GER"]

1. e4 e6 2. d4 d5 3. e5 c5 4. c3 Qb6 5. Nf3 Bd7 6. Be2 Bb5 7. 0-0 Nc6 8. Bxb5 Qxb5 9. Qb3 Qxb3 10. axb3 cxd4 11. cxd4 Nge7 12. Nc3 Nc8 13. Nb5 Kd7 14. Ng5 Nd8 15. f4 h6 16. Nf3 a6 17. Bd2 Rb8 18. Na3 Nc6 19. Nc2 N8a7 20. Rfc1 Be7 21. Kf2 Rbc8 22. Ke3 Rc7 23. Nce1 Rhc8 24. Nd3 Ke8 25. g3 Nb5 26. g4 g6 27. b4 Nb8 28. Rxc7 Rxc7 29. Rc1 Rc4 30. b3 Rxc1 31. Nxc1 Nc6 32. Nd3 b6 33. h4 Na3 34. Bc3 Nc2+ 35. Kd2 N2xb4 36. Nxb4 Nxb4 37. h5 Nc6 38. hxg6 fxg6 39. Kd3 h5 40. g5 Ba3 41. Bd2 Ne7 42. Nh4 Kf7 43. Kc2 a5 44. Kd3 Bb2 45. Be3 Nc6 46. Nf3 Ba3 47. Bd2 Bb4 48. Be3 Ne7 49. Nh4 Be1 50. Nf3 Bg3 51. Bd2 Nf5 52. Ng1 Bf2 53. Ne2 h4 54. b4 h3 55. bxa5 bxa5 56. Ng1 Bxg1 0-1